De tú a tú (Registro nro. 315650)
[ vista simple ]
| 000 -ENCABEZADO | |
|---|---|
| Número de control [NR] | 00971cam a2200265 a 4500 |
| 005 - FECHA Y HORA DE LA ÚLTIMA TRANSACCIÓN | |
| control field | 20191105095812.0 |
| 008 - DE LONGITUD FIJA DE DATOS DE ELEMENTOS - INFORMACIÓN GENERAL | |
| Elementos de longitud fija [NR] | 191105s2013 sp a gr 000 0 spa d |
| 015 ## - NUMERO DE BIBLIOGRAFIA NACIONAL [R] | |
| Número de bibliografía nacional [R] | NNN |
| 020 ## - NUMERO INTERNACIONAL NORMALIZADO PARA LIBROS [R] | |
| Número Internacional Normalizado del libro [NR] | 9788484438717 |
| 040 ## - FUENTE DE CATALOGACION [NR] | |
| Agencia de catalogación original [NR] | CO-BoUCM |
| Idioma de catalogación [NR] | spa |
| Quien Cataloga | Saul Niño |
| Quien Clasifica | Saul Niño |
| 041 0# - CODIGO DE IDIOMA [R] | |
| Código de idioma para texto/pista de sonido o título separado [R] | Español |
| 100 1# - ASIENTO PRINCIPAL--NOMBRE PERSONAL [NR] | |
| Nombre personal [NR] | Brennan, Brian |
| ID Autoridad | 99108 |
| 245 10 - MENCION DE TITULO [NR] | |
| Título [NR] | De tú a tú |
| Parte restante del título [NR] | español para clases privadas, A2/B1 |
| Mención de responsabilidad, etc. [NR] | Brian Brennan, Daniel Sánchez |
| 260 ## - PUBLICACION, DISTRIBUCION, ETC. (PIE DE IMPRENTA) [R] | |
| Lugar de publicación, distribución, etc. [R] | Barcelona |
| Nombre del editor, distribuidor, etc. [R] | Difusión |
| Fecha de publicación, distribución, etc. [R] | 2013 |
| 300 ## - DESCRIPCION FISICA [R] | |
| Extensión [R] | 160 páginas |
| Otros detalles físicos [NR] | ilustraciones |
| Material acompañante [NR] | 1 CD (Disco compacto) |
| 650 #0 - ASIENTO SECUNDARIO DE MATERIA - TERMINO TEMATICO [R] | |
| Término temático o nombre geográfico como elemento de entrada [NR] | Lengua española |
| Subdivisión general [R] | Enseñanza |
| 9 (RLIN) | 45733 |
| 650 #7 - ASIENTO SECUNDARIO DE MATERIA - TERMINO TEMATICO [R] | |
| Término temático o nombre geográfico como elemento de entrada [NR] | Español |
| Subdivisión general [R] | Estudiantes extranjeros |
| 9 (RLIN) | 14900 |
| 650 #7 - ASIENTO SECUNDARIO DE MATERIA - TERMINO TEMATICO [R] | |
| Término temático o nombre geográfico como elemento de entrada [NR] | Español |
| Subdivisión general [R] | Libros de texto para extranjeros |
| 9 (RLIN) | 14900 |
| 650 #7 - ASIENTO SECUNDARIO DE MATERIA - TERMINO TEMATICO [R] | |
| Término temático o nombre geográfico como elemento de entrada [NR] | Español |
| Subdivisión general [R] | Gramática |
| 9 (RLIN) | 7588 |
| 650 #7 - ASIENTO SECUNDARIO DE MATERIA - TERMINO TEMATICO [R] | |
| Término temático o nombre geográfico como elemento de entrada [NR] | Español |
| Subdivisión general [R] | Pronunciación |
| 9 (RLIN) | 88863 |
| 650 #7 - ASIENTO SECUNDARIO DE MATERIA - TERMINO TEMATICO [R] | |
| Término temático o nombre geográfico como elemento de entrada [NR] | Lingüística aplicada |
| 9 (RLIN) | 439 |
| 700 1# - ASIENTO SECUNDARIO - NOMBRE PERSONAL [R] | |
| Nombre personal [NR] | Sánchez Peralta, Daniel |
| 9 (RLIN) | 99109 |
| 942 ## - ELEMENTOS DE ENTRADA AGREGADOS (KOHA) | |
| Sistema de clasificación | DEWEY |
| Tema principal | Lingüística |
| Tipo de ítem principal el descrito en 300a | Libro de reserva |
| Edición | 1 |
| Clasificación | 468 |
| Parte restante de la signatura top. | B838e |
| Signatura topográfica | Código de barras | Última vez visto | Ejemplar | Costo de reposición | Price effective from | Tipo de ítem | Perdido | Sistema de clasificación | Dañado | No prestable | Tipo de ítem específico | Suprimido | Ubicación habitual | Ubicación actual | Localización | Fecha de creación | Proveedor | Forma de adquisición | Costo | Total préstamos | Volúmen / Fascículo |
|---|---|---|---|---|---|---|---|---|---|---|---|---|---|---|---|---|---|---|---|---|---|
| 468 B838e | 100164547 | 05/12/2025 | Ej.1 | 138900.00 | 18/10/2019 | Libro | DEWEY | Libro | Claustro | Claustro | 2do piso | 18/10/2019 | 37 | Compra | 138900.00 | ||||||
| 468 B838e | 100164548 | 10/12/2024 | Ej.1 | 0.00 | 18/10/2019 | Multimedia | DEWEY | CD-Rom | Claustro | Claustro | Colección digital | 18/10/2019 | 37 | Compra | 0.00 | CD-Rom |